000 01022cam a22002054a 4500
005 20250605164045.0
008 250528s ||||||||||||||||||||||||d
035 _a17089
020 _a761952055
040 _aGR-AtMCL
_bgre
_dGR-AtMCL
_eAACR2
245 1 _aStatistical Significance / Rationale, Validity and Utility
250 _a1st
260 _bSage Publications,
_c1996
300 _a212
520 _aThis comprehensive and accessible book provides an overview of the central and most fundamental methodological issue for empirical researchers - how should we interpret statistical significance? Preface, A Litany of Criticisms of NHSTP, The Null-Hypothesis Significance-test Procedure (NHSTP), A Phenomenon and its Quartet of Hypotheses, Evidential Support for a Theory and NHSTP, Effect Size and Related Issues, A Critical Look at Statistical Power, Bayesianism, A Case for NHSTP, References, Author and Subject Index.
700 1 _aChow Siu L
_93228
942 _cBK
999 _c2529
_d2529